[Event "La Fere op 4th"]
[Site "La Fere"]
[Date "2005.07.04"]
[Round "4"]
[White "Vilpoux, Jeremie"]
[Black "Grooten, Herman"]
[Result "1-0"]
[WhiteElo "2090"]
[BlackElo "2376"]
[PlyCount "71"]
[EventDate "2005.07.02"]
[EventType "swiss"]
[EventRounds "9"]
[EventCountry "FRA"]
[SourceTitle "CBM 107 Extra"]
[Source "ChessBase"]
[SourceDate "2005.09.01"]
[SourceVersion "1"]
[SourceVersionDate "2005.09.01"]
[SourceQuality "1"]

1. d4 Nf6 2. Bg5 Ne4 3. Bf4 c5 4. f3 Qa5+ 5. c3 Nf6 6. d5 d6 7. e4 g6 8. Na3 Bg7 9. Nc4 Qd8 10. a4 0-0 11. Qd2 Na6 12. Bd3 Nh5 13. Bg5 Bf6 14. g4 e6 15. h4 Ng7 16. Qf4 Ne8 17. Nxd6 Bxg5 18. hxg5 Nxd6 19. Qh2 Re8 20. Qxh7+ Kf8 21. e5 Qxg5 22. Qh8+ Ke7 23. exd6+ Kd8 24. Bb5 Bd7 25. dxe6 Qe3+ 26. Kf1 Qxe6 27. Qh4+ Kc8 28. Re1 Bxb5+ 29. axb5 Qc4+ 30. Kg2 Qxb5 31. Rxe8+ Qxe8 32. Qf6 Kd7 33. Rh7 Qd8 34. Qxf7+ Kxd6 35. Qxg6+ Kd5 36. Qf7+ 1-0

[Event "La Fere op 4th"]
[Site "La Fere"]
[Date "2005.07.04"]
[Round "3"]
[White "Vilpoux, Jeremie"]
[Black "Vepkhvishvili, Varlam"]
[Result "1-0"]
[WhiteElo "2090"]
[BlackElo "2401"]
[PlyCount "89"]
[EventDate "2005.07.02"]
[EventType "swiss"]
[EventRounds "9"]
[EventCountry "FRA"]
[SourceTitle "CBM 107 Extra"]
[Source "ChessBase"]
[SourceDate "2005.09.01"]
[SourceVersion "1"]
[SourceVersionDate "2005.09.01"]
[SourceQuality "1"]

1. d4 Nf6 2. c4 g6 3. Nc3 Bg7 4. e4 d6 5. f3 c6 6. Be3 a6 7. Bd3 b5 8. Qd2 Nbd7 9. Nge2 bxc4 10. Bxc4 Nb6 11. Bb3 a5 12. Na4 0-0 13. 0-0 Ba6 14. Rfc1 Bb5 15. Nxb6 Qxb6 16. Nc3 a4 17. Bd1 Nd7 18. b3 a3 19. f4 Qa5 20. Bf3 c5 21. Rab1 cxd4 22. Bxd4 e5 23. Be3 exf4 24. Bxf4 Ne5 25. Be2 Bxe2 26. Qxe2 f5 27. Nd5 fxe4 28. Qxe4 Rf7 29. b4 Qa7+ 30. Be3 Qb7 31. b5 Ng4 32. Bd4 Bxd4+ 33. Qxd4 Raf8 34. b6 Ne5 35. Rb3 Qa6 36. h3 Qe2 37. b7 Rf2 38. Ne3 R2f3 39. b8Q Qf2+ 40. Kh1 Rxb8 41. Rxb8+ Kg7 42. gxf3 Qxf3+ 43. Kg1 Qg3+ 44. Ng2 g5 45. Rc7+ 1-0

[Event "La Fere op 4th"]
[Site "La Fere"]
[Date "2005.07.03"]
[Round "2"]
[White "Gugulashvili, Tamaz"]
[Black "Vilpoux, Jeremie"]
[Result "0-1"]
[WhiteElo "2112"]
[BlackElo "2090"]
[PlyCount "89"]
[EventDate "2005.07.02"]
[EventType "swiss"]
[EventRounds "9"]
[EventCountry "FRA"]
[SourceTitle "CBM 107 Extra"]
[Source "ChessBase"]
[SourceDate "2005.09.01"]
[SourceVersion "1"]
[SourceVersionDate "2005.09.01"]
[SourceQuality "1"]

1. c4 g6 2. Nc3 Bg7 3. d4 c5 4. Nf3 cxd4 5. Nxd4 Nc6 6. Nc2 Bxc3+ 7. bxc3 Qa5 8. Bd2 f5 9. Nd4 Qc5 10. e3 Ne5 11. Qa4 Nf6 12. Be2 0-0 13. Bc1 d6 14. Ba3 Qc7 15. Qb3 Kg7 16. 0-0 Ne4 17. Rad1 b6 18. Nb5 Qb7 19. Nd4 Rb8 20. Qc2 Bd7 21. f3 Nf6 22. Rd2 Rbc8 23. Qb3 Qc7 24. c5 bxc5 25. Ne6+ Bxe6 26. Qxe6 Qd7 27. Qxd7 Nexd7 28. Bc4 Rb8 29. Be6 Rb6 30. c4 Rfb8 31. Rfd1 Nf8 32. Bd5 e6 33. Bxe6 Nxe6 34. Rxd6 Rxd6 35. Rxd6 Rb6 36. Rd2 Kf7 37. Kf2 Ra6 38. Bc1 Ra4 39. Rb2 Nd7 40. Bd2 Nb6 41. Rb5 Rxa2 42. Ke1 Ke7 43. Ba5 Nxc4 44. Rb7+ Kd6 45. Bc3 0-1

[Event "FRA-chT2 0304"]
[Site "France"]
[Date "2004.03.14"]
[Round "9"]
[White "Vilpoux, Jeremie"]
[Black "Hurpeau, Jean Marc"]
[Result "1-0"]
[WhiteElo "2077"]
[BlackElo "1983"]
[PlyCount "71"]
[EventDate "2003.10.??"]
[EventType "team"]
[EventRounds "11"]
[EventCountry "FRA"]
[SourceTitle "EXT 2005"]
[Source "ChessBase"]
[SourceDate "2004.11.15"]
[SourceVersion "1"]
[SourceVersionDate "2004.11.15"]
[SourceQuality "1"]

1. d4 Nf6 2. c4 g6 3. Nc3 Bg7 4. e4 d6 5. Nf3 0-0 6. Be2 e5 7. d5 a5 8. Nd2 Na6 9. h4 h6 10. h5 g5 11. g4 c6 12. Nf1 Rb8 13. f3 c5 14. Ne3 Ne8 15. Bd2 f6 16. Kf2 Rf7 17. a3 b6 18. Qc2 Rfb7 19. Rhb1 Bd7 20. Nb5 Nac7 21. b4 Nxb5 22. cxb5 axb4 23. axb4 Nc7 24. bxc5 bxc5 25. b6 Rxb6 26. Ba5 Rxb1 27. Rxb1 Qc8 28. Nc4 Rxb1 29. Qxb1 Ne8 30. Qb6 Bf8 31. Na3 Ba4 32. Ba6 Qd7 33. Nc4 Qe7 34. Qb8 Bc2 35. Bb5 Kf7 36. Bd8 1-0

[Event "FRA-chT2 0304"]
[Site "France"]
[Date "2003.11.15"]
[Round "2"]
[White "Vilpoux, Jeremie"]
[Black "Pellaton, Bernard"]
[Result "0-1"]
[WhiteElo "2077"]
[BlackElo "2143"]
[PlyCount "48"]
[EventDate "2003.10.??"]
[EventType "team"]
[EventRounds "11"]
[EventCountry "FRA"]
[SourceTitle "EXT 2005"]
[Source "ChessBase"]
[SourceDate "2004.11.15"]
[SourceVersion "1"]
[SourceVersionDate "2004.11.15"]
[SourceQuality "1"]
[WhiteTeam "Chalons en Champagne"]
[BlackTeam "Besancon TPG"]
[WhiteTeamCountry "FRA"]
[BlackTeamCountry "FRA"]

1. d4 Nf6 2. Bg5 d5 3. Bxf6 gxf6 4. e3 Bf5 5. c4 e6 6. Nc3 c6 7. Bd3 Bxd3 8. Qxd3 Be7 9. Nge2 Nd7 10. b3 f5 11. a3 0-0 12. 0-0 dxc4 13. bxc4 Ne5 14. Qb1 Nxc4 15. Qxb7 Na5 16. Qa6 Qc7 17. f3 Rab8 18. e4 Rb2 19. exf5 exf5 20. Qd3 Qd7 21. Na4 Rb3 22. Qa6 Rb5 23. Rfb1 Rfb8 24. Nac3 R8b6 0-1